000 00356nam a2200133Ia 4500
008 240624s9999 xx 000 0 und d
041 _aeng
082 _a920 IYE
100 _aIYER RAGHAVAN
245 _aESSENTIAL WRITINGS OF MAHATMA GANDHI
260 _c2006
_aNew Delhi
_bOxford University press
300 _axvi, : 441 : p. : cm. ; 22
365 _cRS
_b30
999 _c7975
_d7975